Sermones del P.D. Nicolas Gallo Presbítero de la Congregación Del Salvador del Mundo de Madrid, que da a luz (Record no. 8385)
[ view plain ]
| 000 -CABECERA | |
|---|---|
| campo de control de longitud fija | 01588nam a2200253 a 4500 |
| 001 - NÚMERO DE CONTROL | |
| campo de control | BRCA_8733 |
| 005 - FECHA Y HORA DE LA ÚLTIMA TRANSACCIÓN | |
| campo de control | 20190320210401.0 |
| 008 - DATOS DE LONGITUD FIJA--INFORMACIÓN GENERAL | |
| campo de control de longitud fija | 200217s1781----sp-#######---#000-0#spa-# |
| 041 ## - CÓDIGO DE LENGUA | |
| Código de lengua del texto/banda sonora o título independiente | spa |
| 044 ## - CÓDIGO DEL PAÍS DE LA ENTIDAD EDITORA/PRODUCTORA | |
| Código MARC del país | sp |
| 084 ## - OTRO NÚMERO DE CLASIFICACIÓN | |
| Número de clasificación | BE89 |
| Número de documento/Ítem | .C67 1781 |
| 100 1# - ENTRADA PRINCIPAL--NOMBRE DE PERSONA | |
| Nombre de persona | Cortines, Francisco Ignacio |
| 9 (RLIN) | 21110 |
| 245 10 - MENCIÓN DE TÍTULO | |
| Título | Sermones del P.D. Nicolas Gallo Presbítero de la Congregación Del Salvador del Mundo de Madrid, que da a luz |
| Mención de responsabilidad, etc. | Francisco Ignacio Cortines. |
| 260 ## - PUBLICACIÓN, DISTRIBUCIÓN, ETC. | |
| Lugar de publicación, distribución, etc. | Madrid |
| Nombre del editor, distribuidor, etc. | Por D. Manuel Martin |
| Fecha de publicación, distribución, etc. | 1781 |
| 300 ## - DESCRIPCIÓN FÍSICA | |
| Extensión | [50], 327 p. (t.1) |
| Dimensiones | 20.1 x 15.4 cm. |
| 500 ## - NOTA GENERAL | |
| Nota general | Con las licencias necesarias. |
| 500 ## - NOTA GENERAL | |
| Nota general | Estado físico : presenta encuadernación en pergamino |
| 500 ## - NOTA GENERAL | |
| Nota general | Con marca de fuego: “Procedencia de la marca: Colegio Jesuita de San Francisco Xavier de la Ciudad de Querétaro (1). Institución: Provincia Mexicana de la Compañía de Jesús. Descripción: Iniciales S. Xr. Q. que se desata como S[an] X[avie]r [de] Q[uerétaro.]. Observaciones: A falta de un testimonio de pertenencia se hace la atribución de la marca en función a la realizada por David Saavedra Vega. Se espera localizar otro ejemplar que corrobore esta atribución. Ubicación de la marca en el libro: Canto superior” |
| 600 14 - PUNTO DE ACCESO ADICIONAL DE MATERIA--NOMBRE DE PERSONA | |
| Nombre de persona | Gallo, Nicolas |
| Títulos y otros términos asociados al nombre | Presbítero de la Congregación Del Salvador del Mundo de Madrid |
| 9 (RLIN) | 21111 |
| 650 14 - PUNTO DE ACCESO ADICIONAL DE MATERIA--TÉRMINO DE MATERIA | |
| Término de materia o nombre geográfico como elemento de entrada | Teología pastoral |
| Subdivisión cronológica | Siglo XVIII |
| 9 (RLIN) | 21112 |
| 856 ## - LOCALIZACIÓN Y ACCESO ELECTRÓNICOS | |
| Nombre del host | http://www.marcasdefuego.buap.mx:8180/xmLibris/projects/firebrand/item.jsp?repository=marcas_de_fuego&key=marcas_de_fuego_marcas_de_fuego_20151006120916_4064.xml&num=5 |
| 902 ## - CATALOGADOR | |
| Iniciales | CFM |
| 942 ## - ELEMENTOS DE PUNTO DE ACCESO ADICIONAL (KOHA) | |
| Fuente del sistema de clasificación o colocación | Library of Congress Classification |
| Tipo de ítem Koha | Libros |
| Estado de retiro | Estado de pérdida | Estado dañado | No para préstamo | Localización permanente | Ubicación/localización actual | Fecha de adquisición | Total de préstamos | Signatura topográfica completa | Código de barras | Fecha visto por última vez | Precio válido a partir de | Tipo de ítem Koha |
|---|---|---|---|---|---|---|---|---|---|---|---|---|
| El ejemplar forma parte de la colección y puede ser consultado según las políticas vigentes. | Biblioteca del Museo Franz Mayer (Rogerio Casas-Alatriste) | Biblioteca del Museo Franz Mayer (Rogerio Casas-Alatriste) | 20/02/2017 | BE89 .C67 1781 | CFM00069 | 22/03/2019 | 22/03/2019 | Libros |